| 000 | 00926nam a2200229Ia 4500 | ||
|---|---|---|---|
| 003 | Ost | ||
| 005 | 20260507075805.0 | ||
| 008 | 260507s9999||||xx |||||||||||||| ||und|| | ||
| 040 | _cfsecg | ||
| 041 | _aara | ||
| 082 | _a330 | ||
| 100 |
_aقنديل، عبد الفتاح محمد _eمؤلف |
||
| 245 | 0 |
_aمبادئ الاقتصاد (ك27) / _c عبد الفتاح محمد قنديل |
|
| 260 |
_aالقاهرة: _bمطبعة مركز التعليم المفتوح, _c1999 |
||
| 300 |
_a266 صفحة؛ _bإيضاحات ؛ _c24 سم |
||
| 520 | _aالمشكلة الاقتصادية و مكوناتها، الاقتصاد الكلي، الاقتصاد الجزئي، من الانتاج الى التوزيع | ||
| 653 | _aالاقتصاد | ||
| 653 | _aالاقتصاد الجزئي | ||
| 653 | _aالاقتصاد الكلي | ||
| 700 |
_aعلى، سليمان سلوى _eمؤلف ثانوي |
||
| 942 | _cكتاب | ||
| 999 |
_c46381 _d46381 |
||